| 000 | 00667nam a2200217Ia 4500 | ||
|---|---|---|---|
| 003 | OSt | ||
| 005 | 20220107122653.0 | ||
| 008 | 130318s9999 xx 000 0 und d | ||
| 020 | _a9780470604489 | ||
| 040 | _cIIITMK | ||
| 082 | _a658.312404 QUI/B | ||
| 100 |
_aQuinn, Clark N _911434 |
||
| 245 | _aDesigning m learning:Tapping into the mobile revolution for organizational performance | ||
| 260 |
_bPfeiffer _aUK _c2011 |
||
| 300 | _a223 | ||
| 650 |
_aMANAGEMENT-COMMUNICATION SYSTEMS _911435 |
||
| 650 |
_aINFORMATION TECHNOLOGY-MANAGEMENT _911436 |
||
| 650 |
_aMOBILE COMMUNICATION SYSTEMS _911437 |
||
| 650 |
_aMOBILE COMMUNICATIONS _911438 |
||
| 942 |
_2ddc _cBK |
||
| 999 |
_c2200 _d2200 |
||